Analýza prínosov lokalizácie priemyselného parku v regióne (na príklade vybraného regiónu) diplomová práca

Gespeichert in:
Bibliographische Detailangaben
1. Verfasser: Taláková, Lenka
Körperschaft: Národohospodárska fakulta EU. Katedra verejnej správy a regionálneho rozvoja
Weitere Verfasser: Mišúnová, Ema
Format: Buch
Sprache:Slowakisch
Veröffentlicht: Bratislava 2010
Tags: Tag hinzufügen
Keine Tags, Fügen Sie das erste Tag hinzu!

MARC

LEADER 00000nam$a2200000$$$4500
001 0121163
005 20240318121743.0
041 0 |a slo 
044 |a SK 
245 1 0 |a Analýza prínosov lokalizácie priemyselného parku v regióne (na príklade vybraného regiónu)  |b diplomová práca  |c Lenka Taláková ; škol. Ema Mišúnová 
264 1 |a Bratislava  |c 2010 
100 1 |a Taláková, Lenka 
700 1 |a Mišúnová, Ema 
710 2 |a Národohospodárska fakulta EU. Katedra verejnej správy a regionálneho rozvoja